|
|
|
|
| LEADER |
00000nam a22000007a 4500 |
| 003 |
AR-RoUNA |
| 005 |
20220405103502.0 |
| 008 |
220405b |||||||| |||| 00| 0 spa d |
| 040 |
|
|
|a AR-RoUNA
|b spa
|d AR-RoUNA
|
| 041 |
|
|
|a spa
|
| 044 |
|
|
|a ag
|
| 100 |
|
|
|9 24482
|a Clavijero, Francisco Javier
|d 1731-1737
|
| 245 |
|
|
|a Historia antigua de Mexico /
|c Francisco J. Clavijero, S.J.
|
| 250 |
|
|
|a 1a. ed.
|
| 260 |
|
|
|a México, D.F. :
|b Editorial Delfín,
|c 1944.
|
| 300 |
|
|
|a 345 p.
|c 24x18 cm
|
| 490 |
|
|
|a Clásicos de Historia de América
|n Tomo I
|
| 650 |
|
|
|a Historia
|
| 651 |
|
|
|a México
|9 135
|
| 908 |
|
|
|a Imp
|
| 930 |
|
|
|e 1299
|
| 942 |
|
|
|2 udc
|c LIB
|
| 980 |
|
|
|6 5
|a María Machado
|8 5
|g María Machado
|
| 999 |
|
|
|c 10304
|d 10304
|